|
|
|
|
| LEADER |
00000nas a2200000 a 4500 |
| 001 |
ssj0000476 |
| 003 |
WaSeSS |
| 005 |
20200512172242.0 |
| 006 |
m d |
| 007 |
cr n |
| 008 |
980414c19459999ilubx p s 0 0eng c |
| 010 |
|
|
|a 2011236824
|
| 016 |
7 |
|
|a E00700000
|2 DNLM
|
| 022 |
|
|
|y 0012-9011
|
| 035 |
|
|
|a (WaSeSS)ssj0000476
|
| 040 |
|
|
|a FGA
|b eng
|c FGA
|d OCL
|d OCLCQ
|d BUF
|d OCLCQ
|d QE2
|d OCLCQ
|d B3G
|d NOC
|d OCLCQ
|d OCLCO
|d OCLCF
|d COD
|d OCLCO
|d OCLCQ
|d OCLCO
|d OCLCQ
|d DYJ
|d Z5A
|d OCLCO
|d XFH
|d WT2
|d OCLCQ
|d UUM
|d U3W
|d COD
|d MOW
|d OCLCO
|d OCLCQ
|d OCLCO
|d WYU
|d OCLCO
|d OCLCQ
|d OCLCO
|d OCLCA
|d SFB
|d WaSeSS
|
| 042 |
|
|
|a pcc
|
| 043 |
|
|
|a n-us---
|
| 050 |
1 |
4 |
|a AP2
|b .E165
|
| 082 |
0 |
4 |
|a 051
|
| 245 |
0 |
0 |
|a Ebony
|h [electronic resource].
|
| 260 |
|
|
|a Chicago :
|b Johnson Pub. Co.
|
| 260 |
3 |
|
|3 <Apr./May 2018-> :
|a Chicago :
|b Ebony Media Operations, LLC
|
| 310 |
|
|
|a Eight times a year (Dec./Jan, Apr./May, July/Aug., and Oct./Nov. combined),
|b 2017-
|
| 321 |
|
|
|a Monthly,
|b 1945-Sept. 2010
|
| 321 |
|
|
|a Monthly with a combined Dec./Jan. issue,
|b Oct. 2010-2014
|
| 321 |
|
|
|a Ten issues per year,
|b 2015
|
| 321 |
|
|
|a Nine issues per year,
|b 2016
|
| 362 |
1 |
|
|a Print began with vol. 1 in Nov. 1945.
|
| 506 |
|
|
|a License restrictions may limit access.
|
| 515 |
|
|
|a Some irregularities in numbering; some numbers in vol. 29 incorrectly numbered vol. 30.
|
| 515 |
|
|
|a Vol. 69, issue 5 not published; v. 69, issue 4 (Mar. 2014) followed by v. 69, issue 6 (Apr. 2014).
|
| 588 |
0 |
|
|a Vol. 47, issue 3 (Jan. 1992); title from available issues screen (viewed Apr. 14, 1998).
|
| 588 |
1 |
|
|a Vol. 73, issue 9/10 (July/Aug. 2018) (EBSCO, viewed July 30, 2018).
|
| 650 |
|
0 |
|a African Americans
|v Periodicals.
|
| 650 |
|
2 |
|a African Americans.
|
| 650 |
|
6 |
|a Noirs américains
|v Périodiques.
|
| 650 |
|
6 |
|a Noirs
|v Périodiques.
|
| 650 |
|
7 |
|a Black & African American Interest.
|2 ebps
|
| 650 |
|
7 |
|a Home & Living (General)
|2 ebps
|
| 650 |
|
7 |
|a African Americans.
|2 fast
|0 (OCoLC)fst00799558
|
| 655 |
|
0 |
|a Electronic journals.
|
| 776 |
0 |
8 |
|i Print version:
|t Ebony
|x 0012-9011
|w (DLC) 52042074
|w (OCoLC)1567306
|
| 856 |
4 |
0 |
|z Full text available from Research Library: 01/01/1988 to 12/31/2008
|u https://search.proquest.com/publication/41828
|